О присоединении ряда районов к б. окружным городам по Казахской АССР

Доступно только в Электронных читальных залах Найти на картеНа карте
RUSMARC
00004572nac2a22003253x 450
001bb7cd77a-a30e-45ac-9c1e-4cf971319e27
00520241219051652.0
100##$a20241113l19301930k y0rusy50 ca
1010#$arus
102##$aRU
105##$ay z |||||
1222#$ad19300831
$ad19300905
2001#$aО присоединении ряда районов к б. окружным городам по Казахской АССР
$j31.08.1930 - 05.09.1930
215##$a8 листов
$d36 х 24,3
251##$cДело
300##$aЗаголовок дела на папке: О присоединении ряда районов к б. окружным городам по Казакской АССР
300##$aВ деле имеются телеграммы
300##$aНумерация начинается с конца дела
300##$aЧасть текста машинописная с рукописными пометками, часть - напечатана типографским способом
461#0$1001RuPRLIB520124725
$12001
$aЦЕНТРАЛЬНЫЙ ИСПОЛНИТЕЛЬНЫЙ КОМИТЕТ СССР (ЦИК СССР).
$1251
$cФонд
$1852
$gР
$j3316
462#0$1001RuPRLIB520125289
$12001
$aДела Секретариата Президиума ЦИК Союза ССР. 1930 г.
$vД. 1267
$1251
$cОпись
$1852
$j23
5171#$aО присоединении ряда районов к б. окружным городам по Казакской АССР
605##$3DITM\AF\0000002775
$aВласть
$lколлекция
$2acquisition_prlib
607##$aКазахская АССР
6101#$aПрисоединение
$aРайоны
$aОкружные города
686##$a63.3(2)61-332ю1
$cИстория
$2rubbk
686##$a67.400.6ю1
$cПраво
$2rubbk
801#0$aRU
$bGA_RF
801#1$aRU
$bГлавНИВЦ
$c20241113
$2rusmarc
801#2$aRU
$bПБ им. Б.Н. Ельцина
$c20241219
$gRCR
$2rusmarc
852##$aГА РФ
$j1267
937##$d195519374
$hГАРФ
035##$aRuPRLIB51078330
856##$uhttp://readingroom.main.prlib.ru/item.aspx?id_node=n195519374&mode=full
Формат отображения